| 000 -LEADER |
| fixed length control field |
01091nam a2200349 a 4500 |
| 001 - CONTROL NUMBER |
| control field |
:::00012102$&:&@@ |
| 003 - CONTROL NUMBER IDENTIFIER |
| control field |
OkBaRHE |
| 005 - DATE AND TIME OF LATEST TRANSACTION |
| control field |
20000607103416.0 |
| 008 - FIXED-LENGTH DATA ELEMENTS--GENERAL INFORMATION |
| fixed length control field |
s1963 j 000 0 eng u |
| 040 ## - CATALOGING SOURCE |
| Transcribing agency |
|
| 100 1# - MAIN ENTRY--PERSONAL NAME |
| Personal name |
Jensen, Jerry, |
| 245 10 - TITLE STATEMENT |
| Title |
Presbyterians and the baptism of the Holy Spirit. |
| 260 ## - PUBLICATION, DISTRIBUTION, ETC. (IMPRINT) |
| Place of publication, distribution, etc |
Los Angeles, CA., : |
| Name of publisher, distributor, etc |
Full Gospel Business Men's Fellowship International |
| Date of publication, distribution, etc |
1963 |
| 300 ## - PHYSICAL DESCRIPTION |
| Extent |
32 p. : illus. ; |
| Dimensions |
20 cm. |
| 650 ## - SUBJECT ADDED ENTRY--TOPICAL TERM |
| Topical term or geographic name as entry element |
Baptism in the Holy Spirit |
| 650 ## - SUBJECT ADDED ENTRY--TOPICAL TERM |
| Topical term or geographic name as entry element |
Pentecostalism |
| General subdivision |
Presbyterian |
| 650 ## - SUBJECT ADDED ENTRY--TOPICAL TERM |
| Topical term or geographic name as entry element |
Presbyterian Church |
| General subdivision |
Biography |
| 650 ## - SUBJECT ADDED ENTRY--TOPICAL TERM |
| Topical term or geographic name as entry element |
Testimonies |
| General subdivision |
Pentecostal |
| 700 ## - ADDED ENTRY--PERSONAL NAME |
| Personal name |
Brown, James H. |
| 700 ## - ADDED ENTRY--PERSONAL NAME |
| Personal name |
Brown, Jamie. |
| 700 ## - ADDED ENTRY--PERSONAL NAME |
| Personal name |
Brown, Marianne. |
| 700 ## - ADDED ENTRY--PERSONAL NAME |
| Personal name |
Durand, Robert P. |
| 700 ## - ADDED ENTRY--PERSONAL NAME |
| Personal name |
Evans, Leonard H. |
| 700 ## - ADDED ENTRY--PERSONAL NAME |
| Personal name |
Gamble, Ivan S. |
| 700 ## - ADDED ENTRY--PERSONAL NAME |
| Personal name |
Groff, Kent I. |
| 700 ## - ADDED ENTRY--PERSONAL NAME |
| Personal name |
Kazbek, Betty. |
| 700 ## - ADDED ENTRY--PERSONAL NAME |
| Personal name |
Morris, Paul. |
| 700 ## - ADDED ENTRY--PERSONAL NAME |
| Personal name |
Park, Lynn. |
| 700 ## - ADDED ENTRY--PERSONAL NAME |
| Personal name |
Turnbill, Frank. |
| 942 ## - ADDED ENTRY ELEMENTS (KOHA) |
| Source of classification or shelving scheme |
|
| Koha item type |
Books |